书目信息 |
| 题名: |
五代那些事儿
|
|
| 作者: | 余耀华 著 | |
| 分册: | 贰 唐晋争雄卷 | |
| 出版信息: | 北京 中国工人出版社 2017.07 |
|
| 页数: | 291页 | |
| 开本: | 24cm | |
| 丛书名: | 历史新阅读丛书 | |
| 单 册: | ||
| 中图分类: | K243.109 | |
| 科图分类: | ||
| 主题词: | 五代(907-960)--古代史--通俗读物 | |
| 电子资源: | ||
| ISBN: | 978-7-5008-6736-4 | |
| 000 | 00908oam2 2200265 450 | |
| 001 | 0120172236636 | |
| 005 | 20171011143742.26 | |
| 010 | @a978-7-5008-6736-4@dCNY39.00 | |
| 100 | @a20170710d2017 em y0chiy50 ea | |
| 101 | 0 | @achi |
| 102 | @aCN@b110000 | |
| 105 | @ay z 000yy | |
| 106 | @ar | |
| 200 | 1 | @a五代那些事儿@9wu dai na xie shi er@h贰@i唐晋争雄卷@f余耀华著 |
| 210 | @a北京@c中国工人出版社@d2017.07 | |
| 215 | @a291页@d24cm | |
| 225 | 2 | @a历史新阅读丛书 |
| 330 | @a本书共分为二十四章,内容包括:嗣源称帝、铁腕女人、为当宰相出人命、李嗣源的祈祷、多行不义、捡回来的“蛟龙”、悔恨而死、“搬家”惹的祸、白条难兑现、兄弟博弈、灵魂出卖者等。 | |
| 333 | @a历史研究者 | |
| 461 | 0 | @12001 @a历史新阅读丛书 |
| 606 | 0 | @a五代(907-960)@x古代史@j通俗读物 |
| 690 | @aK243.109@v5 | |
| 701 | 0 | @a余耀华@9yu yao hua@4著 |
| 801 | 0 | @aCN@b人天书店@c20170710 |
| 905 | @b1080103-08@dK243.109@e18:2@f6 | |
| 五代那些事儿.贰.唐晋争雄卷/余耀华著.-北京:中国工人出版社,2017.07 |
| 291页;24cm.-(历史新阅读丛书) |
| 使用对象:历史研究者 |
| ISBN 978-7-5008-6736-4:CNY39.00 |
| 本书共分为二十四章,内容包括:嗣源称帝、铁腕女人、为当宰相出人命、李嗣源的祈祷、多行不义、捡回来的“蛟龙”、悔恨而死、“搬家”惹的祸、白条难兑现、兄弟博弈、灵魂出卖者等。 |
| ● |
| 相关链接 |
|
|
|
|
正题名:五代那些事儿
索取号:K243.109/18:2
 
预约/预借
| 序号 | 登录号 | 条形码 | 馆藏地/架位号 | 状态 | 备注 |
| 1 | 1080103 | 210801033 | 第二样本阅览室/ [索取号:K243.109/18:2] | 在馆 | |
| 2 | 1080104 | 210801042 | 第二借阅区/ [索取号:K243.109/18:2] | 在馆 | |
| 3 | 1080105 | 210801051 | 第二借阅区/ [索取号:K243.109/18:2] | 在馆 | |
| 4 | 1080106 | 210801060 | 史法系资料室/ [索取号:K243.109/18:2] | 在馆 | |
| 5 | 1080107 | 210801079 | 第二借阅区/ [索取号:K243.109/18:2] | 在馆 | |
| 6 | 1080108 | 210801088 | 第二借阅区/ [索取号:K243.109/18:2] | 在馆 |